| 000 | 01148nam a2200301 a 4500 | ||
|---|---|---|---|
| 001 | 50826 | ||
| 003 | BD-RjUL | ||
| 005 | 20211209075554.0 | ||
| 008 | 160828s1979 dcua b 001 0 eng | ||
| 020 | _a0470267356 (Halsted) | ||
| 035 | _a(BD-RjUL)50946 | ||
| 040 |
_aDLC _cDLC _dBD-RjUL _beng |
||
| 041 | 1 |
_aeng _hrus |
|
| 082 | 0 | 0 |
_a516.1 _223 _bPOH 1979 |
| 100 | 1 |
_aPogorelov, A. V. _q(Alekseĭ Vasilʹevich), _d1919-2002. _9152142 |
|
| 245 | 1 | 0 |
_aHilbert's fourth problem / _cAleksei Vasilʹevich Pogorelov ; translated by Richard A. Silverman ; edited by Irwin Kra, in cooperation with Eugene Zaustinskiy. |
| 260 |
_aWashington : _bV. H. Winston ; _aNew York : _bdistributed solely by Halsted Press, _cc1979. |
||
| 300 |
_avi, 97 p. : _bill, ; _c23 cm. |
||
| 500 | _aTranslation of Chetvertai︠a︡ problema Gilʹberta. | ||
| 500 | _aIncludes index. | ||
| 504 | _aBibliography: p. 93-94. | ||
| 650 | 0 |
_aGeometry _xFoundations. _9151583 |
|
| 700 | 1 |
_aKra, Irwin. _9152144 |
|
| 700 | 1 |
_aZaustinskiy, Eugene. _9152145 |
|
| 942 |
_2ddc _cBK |
||
| 999 |
_c50826 _d50826 |
||